Matchy-Matchy Vocabulary II Quiz Stats

 Plays Quiz Updated May 15, 2019

Score 0/24 Timer 01:30
7 Plays Today
% Correct
Jeepers
95.1%
Hanky
94.9%
Hip
94.8%
Easy
94.6%
Okey
93.5%
Knick
93.5%
Boogie
93.1%
Fuddy
92%
Hootchy
91.2%
Riff
91.1%
Boo
90.7%
See
90%
% Correct
Flim
89.7%
Hurly
86.6%
Tittle
85.5%
Airy
80.5%
Ack
78%
Argle
77.8%
Skimble
77.3%
Rantum
76.6%
Palsy
73.5%
Gee
69.7%
Ricky
60.8%
Jiggery
59.4%

You're not logged in!

Compare scores with friends on all Sporcle quizzes.
OR
Log In

Show Comments

Extras

Top Quizzes Today


Score Distribution

Your Account Isn't Verified!

In order to create a playlist on Sporcle, you need to verify the email address you used during registration. Go to your Sporcle Settings to finish the process.

Report this User

Report this user for behavior that violates our Community Guidelines.

Details: